000 00437nam a2200193Ia 4500
005 20240823032000.0
008 240823s9999||||xx |||||||||||||| ||und||
020 _a978-81-8489-154-4
041 _aENGLISH
082 _A823.91 Q2
100 _aMulk Rajanand
245 0 _aUntouchable
250 _a1st
260 _c2012
_bMehta Oublishing
500 _aYES
650 _aUntouchable
_bGeneral
942 _cBK
999 _c192358
_d192358